000 00713nam a2200229Ia 4500
003 OSt
005 20220923212531.0
006 a|||||r|||| 00| 0
007 ta
008 220922b |||||||| |||| 00| 0 hin d
024 _a153,863
037 _cTextual
040 _aARTS
_cARTS
_bhin
041 _2hin
_ahin
082 _aO15:1wM, 152F6
100 _aद्विवेदी, महावीरप्रसाद
_9156298
245 0 _aप्राचीन पंडित और कवि
246 _aPrāchīn panḍit aur kavi
260 _c1926
942 _hO15:1wM, 152F6
_cTEXL
_2CC
999 _c309494
_d309494